| 000 | 00646nam a22002057a 4500 | ||
|---|---|---|---|
| 005 | 20081021101528.0 | ||
| 008 | 081021t xxu||||| |||| 00| 0 eng d | ||
| 010 | _aENG-84196 | ||
| 020 | _a0195687876 | ||
| 020 | _c425.00 (hb) | ||
| 035 | _aEN-67729 | ||
| 082 | _a080 | ||
| 245 |
_aNehru's India: _bselect speeches / _cedited by Mushirul Hasan |
||
| 260 |
_aNew Delhi _bOxford University Press |
||
| 260 | _c2007 | ||
| 300 |
_avi,278p _c23cm |
||
| 700 | _aMushirul Hasan | ||
| 942 |
_2ddc _cEN _h080 _mNEH |
||
| 999 |
_c17158 _d17158 |
||